| 000 | 01096cam a22003371 4500 | ||
|---|---|---|---|
| 999 |
_c174442 _d174442 |
||
| 001 | 6409843 | ||
| 003 | Nust | ||
| 005 | 20180730062024.0 | ||
| 008 | 740514s1931 nyu 000 1 eng | ||
| 010 | _a 31026755 | ||
| 020 |
_a8130402874 _cRs. 436 |
||
| 035 | _a(OCoLC)884453 | ||
| 038 | _aArshad | ||
| 040 |
_aDLC _cOAsC _dOCoLC _dCSdP _dDLC |
||
| 050 | 0 | 0 |
_aPZ3.C764 _bL20 _aPR6005.O4 |
| 082 |
_a823 _bCON |
||
| 100 | 1 |
_aConrad, Joseph, _d1857-1924. _912078 |
|
| 245 | 1 | 0 |
_aLord Jim, _cby Joseph Conrad; introduction by J. Donald Adams. |
| 260 |
_aNew York, _bThe Modern Library _c1931 |
||
| 300 |
_a724 p. _c18 cm. |
||
| 490 | 0 | _aThe Modern library of the world's best books | |
| 500 | _a"First Modern library edition." | ||
| 650 | 0 |
_aMerchant marine _xOfficers _vFiction. _912079 |
|
| 650 | 0 |
_aBritish _zIndonesia _vFiction. _912080 |
|
| 650 | 0 |
_aCowardice _vFiction. _912081 |
|
| 650 | 0 |
_aAtonement _vFiction. _912082 |
|
| 651 | 0 |
_aIndonesia _vFiction. _912083 |
|
| 655 | 7 |
_aPsychological fiction. _2lcsh _9953 |
|
| 906 |
_a7 _bcbc _coclcrpl _du _encip _f19 _gy-gencatlg |
||
| 942 |
_2ddc _cBK |
||